<?xml version="1.0" encoding="UTF-8"?>
<collection xmlns="http://www.loc.gov/MARC21/slim">
 <record>
  <leader>00379pamaa2200145   4500</leader>
  <controlfield tag="001">0000017205</controlfield>
  <controlfield tag="005">20070116090000.0</controlfield>
  <datafield tag="020" ind1="0" ind2="0">
   <subfield code="a">0395861799 </subfield>
  </datafield>
  <datafield tag="090" ind1="0" ind2="0">
   <subfield code="a">QA162 </subfield>
   <subfield code="b">GAL 1998</subfield>
  </datafield>
  <datafield tag="100" ind1="1" ind2="0">
   <subfield code="a">GALLIAN </subfield>
  </datafield>
  <datafield tag="245" ind1="1" ind2="0">
   <subfield code="a">Contemporary abstract algebra  </subfield>
   <subfield code="c">Joseph A. Gallian.</subfield>
  </datafield>
  <datafield tag="250" ind1="0" ind2="0">
   <subfield code="a">4th ed.</subfield>
  </datafield>
  <datafield tag="260" ind1="0" ind2="0">
   <subfield code="a">Boston: </subfield>
   <subfield code="b">Houghton Mifflin, </subfield>
   <subfield code="c">1998.</subfield>
  </datafield>
  <datafield tag="300" ind1=" " ind2=" ">
   <subfield code="a">xii, 638p.: </subfield>
   <subfield code="b">25cm.</subfield>
  </datafield>
  <datafield tag="650" ind1="0" ind2="0">
   <subfield code="a">Algebra, Abstract </subfield>
  </datafield>
 </record>
</collection>
